000 01072nam0a22002891 4500
001 v19\rc\1828715
005 20250619135602.0
035 _a(NLR Aleph) 004924825
090 _a5616890
_c5616890
100 _a20071224e19081908|||y0rusy50 ca
101 0 _arus
102 _aRU
105 _aa z |||||
200 1 _aГлубомер Клаузенса
_f[Кап. 2 ранга А. Бухтеев]
210 _a[Санкт-Петербург]
_cтип. Мор. м-ва
_d[1908]
215 _a7 с.
_cил.
_d27
300 _aАвт. указан в конце текста
309 _aБез тит. л. и обл.
311 _aОтт. из "Зап. по гидрографии", 1908 г., вып. 29
488 0 _12001#$aЗаписки по гидрографии$v1908, вып. 29
_tЗаписки по гидрографии
700 1 _aБухтеев
_bА.М.
_f1862-
_gАфанасий Михайлович
801 0 _aRU
_bNLR
_gpsbo
801 0 _aRU
_bRuMoRGB
_2psbo
801 1 _aRU
_bProSoft-M
_2rusmarc
852 _aNLR
_j62-7/725
942 _cBOOK
980 _aNB